| 000 | 00912nam a2200301 i 4500 | ||
|---|---|---|---|
| 001 | 93293 | ||
| 003 | ES-MaACL | ||
| 005 | 20250819044026.0 | ||
| 007 | t| | ||
| 008 | 050511s2002 sp ||||1| spa d | ||
| 020 | _a84-7432-226-X | ||
| 080 | _a159.961.6 | ||
| 080 | _a001:1 | ||
| 080 | _a53:159.9 | ||
| 100 | 1 |
_aLeShan, Lawrence. _971839 |
|
| 245 | 1 | 3 |
_aEl espacio de Einstein y el cielo de Van Gogh / _cLawrence LeShan y Henry Margenau. |
| 250 | _a1ª ed., 2ª reimp. | ||
| 260 |
_aBarcelona : _bGedisa, _c2002. |
||
| 300 |
_a257 p. ; _c23 cm. |
||
| 490 | 1 |
_aLímites de la ciencia ; _v4 |
|
| 650 | 4 |
_aPercepción extrasensorial. _915932 |
|
| 650 | 4 |
_aCiencia- _xFilosofía. _910950 |
|
| 650 | 4 |
_aCiencia- _xMetodología _910958 |
|
| 700 | 1 |
_aMargenau, Henry. _976623 |
|
| 830 | 1 | 0 |
_aLímites de la ciencia (Gedisa) _v4 _9184279 |
| 852 | 4 |
_aES-MaACL _jL-29078 |
|
| 999 |
_c93293 _d93293 |
||